000 01151nam0a22002531 4500
001 rc\811327
005 20250622001528.0
035 _a(NLR Aleph) 005994660
090 _a7164546
_c7164546
100 _a20041129d1984 |||y0rusy50 ca
101 0 _arus
102 _aRU
105 _ay |||||||||
200 1 _aСодержание и формы антиалкогольной пропаганды среди учащихся
_eМетод. рекомендации в помощь самообразованию клас. руководителей и кураторов веч. (смен.) и заоч. сред. шк.
_fАПН СССР, НИИ общ. образования взрослых
_g[Сост. Красновидовой С.С.]
210 _aЛ.
_cНИИООВ
_d1984
215 _a32 с.
_d20
320 _aБиблиогр.: с. 28-31
702 1 _aКрасновидова
_bС.С.
_gСветлана Сергеевна
_4220
712 0 2 _aНИИ общего образования взрослых
_cЛенинград
801 0 _aRU
_bNLR
_gpsbo
801 1 _aRU
_bELAR
_2rusmarc
852 _aNLR
_j85-4/3748
942 _cBOOK
980 _aNB